000 00483nam a22001697a 4500
999 _c524859
_d524859
003 NUST
020 _a-
038 _aZafar Malik
082 _a891.421
_bSHA
100 _aShafqaat, Malik Ahmed Awan
_915657
245 _aHarf-e-Ulfat Akhar Preetaan De /
_cMalik Shafqaat Ahmed Awan
300 _a126 p. ;
500 _aHardcover
880 _6100-02\r
_aملک شفقات احمد اعوان
880 _6245-02\r
_aحرف الفت اکھر پریتاں دے
942 _2ddc
_cBK